000 nam a22 a 4500
999 _c123120
_d123120
003 BLK
005 20220122134714.0
008 180409b bul|||||r ||||||| ||bul||
010 _aKNG00128773000
040 _aBLK
041 _aBUL
_cBUL
080 _aЖитни растения. Зърнени култури
_b633.1
_z633.1
100 1 _aАтанасов, Йордан
_eпърви автор
_9377178
139 _aАтанасов, Йордан
_bА 93
245 1 0 _aНауката - в помощ на практиката
_bИз опита на ТКЗС в с. Иванча, Великотърновско в получаването на високи добиви от царевица
_cЙордан Атанасов.
257 _aBGR
260 _aСофия
_bБКП
_c1962
300 _a40 с.
_c25 см
380 _a63
500 _a3 100 тир.
650 4 _aЦаревица - агротехника
_9303611
650 4 _aСелско стопанство - България
_9269258
651 4 _aИванча
_9178931
651 4 _aВеликотърновско
_9178699
651 4 _aБългария
_9241624
653 _aцаревица
653 _aагротехника
653 _aдобиви
852 _aЦб 22989
_bЦб
856 4 _qpdf
856 4 _qpdf
942 _cKNG
_n0
_s1
944 _aCR
_c14.03.2012
_l14.03.2012 - от С1,Р / 14.03.2012
_kНаталия_Медовщикова
944 _aED
_c14.03.2012
_l14.03.2012 - от С1,Р / 14.03.2012
999 _d123120